00289nam a2200121Ia 4500008004100000082001800041100002200059245003000081250000900111260002300120300000800143650001600151191201s2008 xx 000 0 und d a621.3822bOPD aOPPENHEIM, Alan V 0aDigital Signal Processing aRep. aN.DelhibPHIc2008 a584 aB.Tech(ECE)